[Event "21. Copenhagen Open  (Politiken Cup)"]
[Site "Copenhagen"]
[Date "1999.07.13"]
[Round "10"]
[White "Jensen, Torben W"]
[Black "Bogdanov, Dimitri"]
[Result "1/2-1/2"]
[WhiteElo "1740"]
[BlackElo "2175"]
[PlyCount "71"]
[EventDate "1999.07.03"]
[EventType "swiss"]
[EventRounds "11"]
[EventCountry "DEN"]
[SourceDate "2004.01.01"]

1. e4 g6 2. d4 Bg7 3. Nc3 d6 4. g3 Nf6 5. Bg2 O-O 6. Nge2 c6 7. O-O Nbd7 8. f4
e5 9. h3 exd4 10. Nxd4 Qb6 11. Kh2 Re8 12. Nb3 Nc5 13. Be3 Rd8 14. Qe1 Qb4 15.
Nxc5 dxc5 16. e5 Ne8 17. b3 c4 18. a3 Qa5 19. bxc4 Be6 20. c5 Bf8 21. Ne4 Qa4
22. Rf2 Rd7 23. Qb4 Qxb4 24. axb4 a6 25. Nd6 Rb8 26. Rd1 Bg7 27. Rfd2 Re7 28.
Nxe8 Rbxe8 29. Bd4 h6 30. g4 Bc8 31. Kg3 g5 32. Re2 gxf4+ 33. Kxf4 Be6 34. Rde1
Bc4 35. Re3 Rd7 36. c3 1/2-1/2

[Event "21. Copenhagen Open  (Politiken Cup)"]
[Site "Copenhagen"]
[Date "1999.07.13"]
[Round "10"]
[White "Jessen, Simon Pind"]
[Black "Grigoryan, Meri"]
[Result "1-0"]
[WhiteElo "1939"]
[BlackElo "2100"]
[PlyCount "110"]
[EventDate "1999.07.03"]
[EventType "swiss"]
[EventRounds "11"]
[EventCountry "DEN"]
[SourceDate "2004.01.01"]

1. d4 d5 2. c4 c6 3. cxd5 cxd5 4. Nc3 Nc6 5. Nf3 Nf6 6. g3 Ne4 7. Bg2 g6 8. O-O
Bg7 9. e3 O-O 10. Qb3 Nxc3 11. Qxc3 Bg4 12. Bd2 Qd7 13. Qb3 Rfd8 14. Rac1 Rac8
15. a4 h5 16. h4 Rb8 17. Kh2 Bf6 18. Rfe1 Qf5 19. Qc2 Qd7 20. b4 Rdc8 21. Qd3
Qd6 22. b5 Nd8 23. Ne5 Bf5 24. Qb3 Bxe5 25. dxe5 Qxe5 26. Bc3 Qd6 27. Qxd5 Qxd5
28. Bxd5 Be6 29. Bxe6 Nxe6 30. Bb4 Kf8 31. Red1 Ke8 32. Kg2 Rd8 33. Rd2 Rbc8
34. Rdc2 Rxc2 35. Rxc2 Kd7 36. Kf3 Ng7 37. e4 Ne6 38. Ke3 Ke8 39. Rc4 Rd1 40.
Bc3 Rd8 41. f4 Rd1 42. f5 Nd8 43. a5 Rb1 44. Rb4 Rf1 45. fxg6 fxg6 46. Bd4 Re1+
47. Kf3 a6 48. bxa6 bxa6 49. Rb6 Rd1 50. Be5 Nf7 51. Bb8 Rd8 52. Rxg6 Kf8 53.
Bf4 e5 54. Be3 Nd6 55. Bc5 Ke7 1-0

[Event "21. Copenhagen Open  (Politiken Cup)"]
[Site "Copenhagen"]
[Date "1999.07.13"]
[Round "10"]
[White "Johansen, Terje"]
[Black "Samuelsen, Carl Eli"]
[Result "1-0"]
[WhiteElo "2231"]
[BlackElo "2060"]
[PlyCount "79"]
[EventDate "1999.07.03"]
[EventType "swiss"]
[EventRounds "11"]
[EventCountry "DEN"]
[SourceDate "2004.01.01"]

1. d4 Nf6 2. c4 e6 3. Nc3 d5 4. Bg5 Nbd7 5. cxd5 exd5 6. e3 Be7 7. Bd3 O-O 8.
Qc2 Re8 9. Nge2 c6 10. O-O Nf8 11. f3 h6 12. Bh4 Ne6 13. Rad1 b6 14. Kh1 Bb7
15. Qc1 b5 16. Bf2 b4 17. Na4 Qa5 18. b3 c5 19. dxc5 Nxc5 20. Nxc5 Bxc5 21. Qd2
Rad8 22. Bb1 Ba6 23. Rfe1 Bxe2 24. Rxe2 Bd6 25. Qd3 Be5 26. Bh4 g6 27. Rc2 d4
28. e4 g5 29. Be1 Nd7 30. Qc4 d3 31. Rxd3 Nb6 32. Rxd8 Rxd8 33. Qe2 Bd4 34. Bg3
Bc3 35. f4 Qb5 36. Qf3 Qd3 37. Rc1 Qd2 38. Rf1 f6 39. Qh5 Kg7 40. e5 {Time} 1-0

[Event "21. Copenhagen Open  (Politiken Cup)"]
[Site "Copenhagen"]
[Date "1999.07.13"]
[Round "10"]
[White "Jorgensen, Carina Eilegaard"]
[Black "Larsen, Vagn"]
[Result "1-0"]
[WhiteElo "1574"]
[BlackElo "1465"]
[PlyCount "87"]
[EventDate "1999.07.03"]
[EventType "swiss"]
[EventRounds "11"]
[EventCountry "DEN"]
[SourceDate "2004.01.01"]

1. e4 Nc6 2. Nf3 d6 3. Nc3 Nf6 4. d3 e5 5. Be2 Be7 6. O-O O-O 7. Be3 Ng4 8. Bd2
f5 9. exf5 Bxf5 10. Ne1 Nf6 11. Bf3 Qd7 12. Nd5 Nxd5 13. Bxd5+ Kh8 14. Be4 Bg4
15. Bf3 Bxf3 16. Nxf3 Rf6 17. Be3 Rg6 18. Kh1 Qg4 19. Rg1 Rf8 20. c3 a6 21. d4
e4 22. Nd2 Qf5 23. g3 Bg5 24. Bxg5 Rxg5 25. Rg2 d5 26. Qe2 Rf6 27. Rf1 Qe6 28.
Re1 Ne7 29. f3 Nf5 30. fxe4 Nxg3+ 31. Rxg3 Rxg3 32. hxg3 Rh6+ 33. Kg1 Qh3 34.
Qg2 Qe6 35. Re2 dxe4 36. Qxe4 Qxa2 37. Qe8+ Qg8 38. Qxg8+ Kxg8 39. Re7 Rc6 40.
Nf3 Kf8 41. Re2 Rg6 42. Kg2 h6 43. Ne5 Kg8 44. Nxg6 1-0

[Event "21. Copenhagen Open  (Politiken Cup)"]
[Site "Copenhagen"]
[Date "1999.07.13"]
[Round "10"]
[White "Jorgensen, Michael"]
[Black "Nielsen, Borge Hjerrild"]
[Result "1-0"]
[WhiteElo "2274"]
[BlackElo "2142"]
[PlyCount "85"]
[EventDate "1999.07.03"]
[EventType "swiss"]
[EventRounds "11"]
[EventCountry "DEN"]
[SourceDate "2004.01.01"]

1. d4 d5 2. c4 e6 3. Nc3 Nf6 4. Bg5 Be7 5. Nf3 O-O 6. e3 b6 7. cxd5 exd5 8. Bd3
Bb7 9. O-O c5 10. Rc1 Nbd7 11. Bf5 g6 12. Bh3 c4 13. b3 cxb3 14. axb3 Kg7 15.
Ne5 h6 16. Bxf6+ Nxf6 17. Qc2 Bc8 18. Bxc8 Rxc8 19. Qa2 Qc7 20. Qa6 Nd7 21. Ne2
Nc5 22. Qa2 Qd6 23. Nc3 Ne6 24. Nb5 Qb4 25. Nxa7 Rxc1 26. Rxc1 Qa3 27. Qxa3
Bxa3 28. Rc8 Rxc8 29. Nxc8 b5 30. Nb6 Nc7 31. Nd3 Bd6 32. h3 Kf6 33. Nd7+ Ke6
34. N7c5+ Bxc5 35. Nxc5+ Kd6 36. f3 f5 37. Kf2 Ne8 38. Nd3 g5 39. Ne5 Ke6 40.
Nd3 Nf6 41. g4 h5 42. Nc5+ Kd6 43. gxf5 1-0

[Event "21. Copenhagen Open  (Politiken Cup)"]
[Site "Copenhagen"]
[Date "1999.07.13"]
[Round "10"]
[White "Kristjansson, Stefan"]
[Black "Gunter, David WW"]
[Result "1-0"]
[WhiteElo "2278"]
[BlackElo "2146"]
[PlyCount "61"]
[EventDate "1999.07.03"]
[EventType "swiss"]
[EventRounds "11"]
[EventCountry "DEN"]
[SourceDate "2004.01.01"]

1. e4 e6 2. d4 d5 3. Nc3 Nf6 4. Bg5 Be7 5. exd5 Nxd5 6. Bxe7 Qxe7 7. Nge2 O-O
8. Nxd5 exd5 9. Qd2 c5 10. O-O-O Nc6 11. dxc5 Qxc5 12. Ng3 Be6 13. Kb1 d4 14.
f4 f5 15. Ne2 Rac8 16. a3 b5 17. Nc1 a5 18. Re1 Rfe8 19. g3 Bd5 20. Bg2 Bxg2
21. Qxg2 a4 22. Qd2 Re4 23. Re2 Rce8 24. Rhe1 Qb6 25. Qd3 Rxe2 26. Rxe2 Rxe2
27. Qxe2 g6 28. Qe6+ Kg7 29. Nd3 Qc7 30. Nc5 Kh6 31. Qf6 {time} 1-0

[Event "21. Copenhagen Open  (Politiken Cup)"]
[Site "Copenhagen"]
[Date "1999.07.13"]
[Round "10"]
[White "Larsen, Peter"]
[Black "Matthiesen, Martin"]
[Result "1/2-1/2"]
[WhiteElo "2259"]
[BlackElo "2322"]
[PlyCount "113"]
[EventDate "1999.07.03"]
[EventType "swiss"]
[EventRounds "11"]
[EventCountry "DEN"]
[SourceDate "2004.01.01"]

1. e4 c5 2. Nf3 d6 3. d4 cxd4 4. Qxd4 a6 5. c4 Nc6 6. Qd3 g6 7. Be2 Bg7 8. O-O
Nf6 9. Nc3 Bg4 10. h3 Bxf3 11. Qxf3 Nd7 12. Qg3 Nd4 13. Bd3 Ne5 14. f4 Nxd3 15.
Qxd3 Rc8 16. Be3 Ne6 17. b4 Qc7 18. c5 dxc5 19. f5 Qd8 20. Nd5 Bxa1 21. Rxa1
Nc7 22. Qc3 f6 23. Nf4 Kf7 24. bxc5 Qd7 25. Qc4+ Kg7 26. Rf1 Qb5 27. Qc3 g5 28.
Nh5+ Kf7 29. Bxg5 Ne8 30. Be3 Nd6 31. Qd2 Rxc5 32. Bxc5 Qxc5+ 33. Kh1 Nxe4 34.
Qh6 Rg8 35. Qxh7+ Kf8 36. Qh6+ Kf7 37. Qf4 Nd6 38. Qf3 Qc4 39. Rf2 Rg5 40. g4
Qe4 41. Qxe4 Nxe4 42. Rc2 Rg8 43. Nf4 Nd6 44. Ne6 b5 45. Rc6 a5 46. Ra6 a4 47.
Rb6 Rc8 48. Nd4 Rc1+ 49. Kg2 Ra1 50. Nxb5 Rxa2+ 51. Kf3 Nxb5 52. Rxb5 Ra3+ 53.
Kg2 Rb3 54. Ra5 Rb2+ 55. Kg3 Rb3+ 56. Kh4 a3 57. Ra8 1/2-1/2

[Event "21. Copenhagen Open  (Politiken Cup)"]
[Site "Copenhagen"]
[Date "1999.07.13"]
[Round "10"]
[White "Lynge, Torben"]
[Black "Larusdottir, Aldis Run"]
[Result "1/2-1/2"]
[WhiteElo "1708"]
[BlackElo "1350"]
[PlyCount "87"]
[EventDate "1999.07.03"]
[EventType "swiss"]
[EventRounds "11"]
[EventCountry "DEN"]
[SourceDate "2004.01.01"]

1. d4 c6 2. c4 d5 3. Nf3 Nf6 4. Nc3 dxc4 5. e4 b5 6. a4 Bd7 7. e5 Nd5 8. axb5
Nxc3 9. bxc3 cxb5 10. g3 a6 11. Bg2 Ra7 12. Be3 Rc7 13. d5 Qc8 14. d6 Rb7 15.
O-O Bc6 16. Ng5 Bxg2 17. Kxg2 Qc6+ 18. Kg1 exd6 19. exd6 Bxd6 20. Qd4 O-O 21.
Rfd1 Be7 22. Nh3 Bf6 23. Qd2 Rd7 24. Qc2 Rfd8 25. Rxd7 Rxd7 26. Re1 h6 27. Bxh6
Be7 28. Bf4 Qc8 29. Qf5 Nc6 30. Bg5 Bxg5 31. Nxg5 g6 32. Qh3 f5 33. Qh6 Rg7 34.
Ne6 Re7 35. Qxg6+ Kh8 36. Qf6+ Kg8 37. Kg2 Qe8 38. Qg5+ Kh8 39. Ng7 Qg8 40.
Rxe7 Nxe7 41. Qxe7 Qxg7 42. Qe8+ Kh7 43. Qh5+ Kg8 44. Qe8+ 1/2-1/2

[Event "21. Copenhagen Open  (Politiken Cup)"]
[Site "Copenhagen"]
[Date "1999.07.13"]
[Round "10"]
[White "Maarup, Michael"]
[Black "Pedersen, Steffen"]
[Result "0-1"]
[WhiteElo "2184"]
[BlackElo "2427"]
[PlyCount "94"]
[EventDate "1999.07.03"]
[EventType "swiss"]
[EventRounds "11"]
[EventCountry "DEN"]
[SourceDate "2004.01.01"]

1. d4 d5 2. c4 e6 3. Nf3 Nf6 4. Nc3 c6 5. Bg5 dxc4 6. a4 Bb4 7. e4 c5 8. Bxf6
Qxf6 9. Bxc4 cxd4 10. Bb5+ Bd7 11. Nxd4 O-O 12. Bxd7 Nxd7 13. Nde2 Rfd8 14. O-O
Ne5 15. Qc2 Rac8 16. Rad1 Rxd1 17. Rxd1 Bc5 18. Ng3 h5 19. h3 h4 20. Nf1 a6 21.
Nh2 Rc6 22. Qe2 g6 23. Ng4 Nxg4 24. hxg4 Qe5 25. Rd8+ Kg7 26. Rd7 Rc7 27. Rxc7
Qxc7 28. Qd3 Qe5 29. Nd1 b5 30. axb5 axb5 31. b3 b4 32. Kf1 Qg5 33. Qf3 Bd4 34.
Ke2 Qc1 35. Qd3 e5 36. Ne3 Qg1 37. Qd1 Qh2 38. Qf1 Qf4 39. Qb1 Bxe3 40. fxe3
Qxg4+ 41. Kf1 h3 42. gxh3 Qf3+ 43. Kg1 Qxe3+ 44. Kg2 Qe2+ 45. Kg1 Kh6 46. Kh1
Qe3 47. Kg2 Qe2+ 0-1

[Event "21. Copenhagen Open  (Politiken Cup)"]
[Site "Copenhagen"]
[Date "1999.07.13"]
[Round "10"]
[White "Madhy, Nezar"]
[Black "Pedersen, Torben"]
[Result "1-0"]
[WhiteElo "1689"]
[BlackElo "1625"]
[PlyCount "103"]
[EventDate "1999.07.03"]
[EventType "swiss"]
[EventRounds "11"]
[EventCountry "DEN"]
[SourceDate "2004.01.01"]

1. d4 Nf6 2. c4 e6 3. g3 c5 4. dxc5 Bxc5 5. Nf3 Qb6 6. e3 Nc6 7. Nc3 a6 8. a3
Qd8 9. Bg2 O-O 10. b4 Ba7 11. Bb2 d5 12. cxd5 exd5 13. O-O Bg4 14. Qb3 Qd7 15.
Rfd1 Bh5 16. Nxd5 Qf5 17. Nxf6+ gxf6 18. Rd5 Qe6 19. Qc3 Bg6 20. Qxf6 Qxf6 21.
Bxf6 Rac8 22. h4 h5 23. Rc1 Nxb4 24. Rxc8 Nxd5 25. Rxf8+ Kxf8 26. Bd4 b6 27.
Ne5 Nc7 28. Bxb6 Bxb6 29. Nd7+ Ke7 30. Nxb6 Kd6 31. f4 Kc5 32. Nd7+ Kc4 33.
Ne5+ Kb3 34. Nxg6 fxg6 35. Be4 Kxa3 36. Bxg6 Kb4 37. f5 a5 38. f6 Ne6 39. Bxh5
a4 40. Bf7 Nf8 41. g4 a3 42. h5 Kc5 43. Ba2 Kd6 44. Kf2 Ke5 45. f7 Nh7 46. Kg3
Kf6 47. Kf4 Ke7 48. g5 Kf8 49. g6 Nf6 50. h6 Nh5+ 51. Kg5 Nf6 52. g7+ 1-0

[Event "21. Copenhagen Open  (Politiken Cup)"]
[Site "Copenhagen"]
[Date "1999.07.13"]
[Round "10"]
[White "Mashiri, Artur"]
[Black "Kokholm, Daniel"]
[Result "1-0"]
[WhiteElo "2073"]
[BlackElo "1892"]
[PlyCount "68"]
[EventDate "1999.07.03"]
[EventType "swiss"]
[EventRounds "11"]
[EventCountry "DEN"]
[SourceDate "2004.01.01"]

1. f4 e5 2. d3 d6 3. Nf3 Nc6 4. g3 g6 5. Bg2 Bg7 6. c3 f5 7. O-O Nge7 8. e4 O-O
9. Qb3+ Kh8 10. Be3 b6 11. Na3 Na5 12. Qc2 c6 13. b4 Nb7 14. fxe5 dxe5 15. Nc4
Qc7 16. Ncxe5 fxe4 17. dxe4 c5 18. Bf4 Qd8 19. Rad1 Qe8 20. Qc1 Ng8 21. Qe3 Be6
22. Ng5 Nf6 23. Nxe6 Qxe6 24. g4 Ng8 25. Rd7 Bxe5 26. Rxb7 cxb4 27. Qh3 Ne7 28.
g5 Qd6 29. Rd7 Bxf4 30. Rxd6 Bxd6 31. cxb4 Bxb4 32. Qe6 Rae8 33. Qe5+ Kg8 34.
Bh3 Rxf1+ {time} 1-0

[Event "21. Copenhagen Open  (Politiken Cup)"]
[Site "Copenhagen"]
[Date "1999.07.13"]
[Round "10"]
[White "Mathiesen, Erik"]
[Black "Lonborg, Morten"]
[Result "1-0"]
[WhiteElo "1891"]
[BlackElo "2159"]
[PlyCount "135"]
[EventDate "1999.07.03"]
[EventType "swiss"]
[EventRounds "11"]
[EventCountry "DEN"]
[SourceDate "2004.01.01"]

1. Nf3 c5 2. c4 Nf6 3. g3 d5 4. Bg2 Nc6 5. cxd5 Nxd5 6. O-O e5 7. Nc3 Nc7 8. b3
Be7 9. Bb2 O-O 10. Na4 Bd6 11. Qc2 Ne6 12. e3 Bd7 13. a3 Rc8 14. Nc3 b6 15. Qd3
Bb8 16. Bh3 Ned4 17. Bxd7 Nxf3+ 18. Kg2 Rc7 19. Kxf3 Rxd7 20. Qb5 Rxd2 21. Qxc6
Rxb2 22. Rad1 Rd2 23. Nd5 Rxd1 24. Rxd1 Qe8 25. Qb7 e4+ 26. Kg2 Kh8 27. Ne7 f5
28. Nc6 Qc8 29. Qe7 Re8 30. Nxa7 Bxa7 31. Qxa7 Qe6 32. Rd7 Rg8 33. Rb7 Qxb3 34.
Rxb6 Qd1 35. Rc6 Qf3+ 36. Kf1 Qd1+ 37. Kg2 Rd8 38. Qxc5 Qf3+ 39. Kh3 Qg4+ 40.
Kg2 Qf3+ 41. Kh3 Qxf2 42. Rc8 Qf1+ 43. Kh4 Rg8 44. Rxg8+ Kxg8 45. Qd5+ Kf8 46.
Kg5 Qd3 47. Qxf5+ Ke7 48. Kf4 Qxa3 49. Qxe4+ Kf7 50. Qxh7 Qd6+ 51. Kg4 Qd1+ 52.
Kh4 Qd8+ 53. Kh3 Qg5 54. e4 Ke6 55. Qf5+ Qxf5+ 56. exf5+ Kxf5 57. Kh4 Kg6 58.
Kg4 Kh6 59. Kf5 Kh5 60. h3 Kh6 61. g4 Kh7 62. Kg5 Kh8 63. Kg6 Kg8 64. h4 Kh8
65. h5 Kg8 66. g5 Kh8 67. Kf7 Kh7 68. h6 1-0

[Event "21. Copenhagen Open  (Politiken Cup)"]
[Site "Copenhagen"]
[Date "1999.07.13"]
[Round "10"]
[White "McShane, Rod"]
[Black "Nielsen, Michael Backmann"]
[Result "0-1"]
[WhiteElo "1352"]
[BlackElo "1514"]
[PlyCount "70"]
[EventDate "1999.07.03"]
[EventType "swiss"]
[EventRounds "11"]
[EventCountry "DEN"]
[SourceDate "2004.01.01"]

1. e4 e5 2. Nf3 Nc6 3. Bb5 a6 4. Ba4 Nf6 5. O-O Be7 6. Re1 b5 7. Bb3 d6 8. c3
O-O 9. h3 Na5 10. Bc2 c5 11. Nh4 Be6 12. Nf5 Bxf5 13. exf5 Qc7 14. d3 Rac8 15.
Nd2 d5 16. Nf3 Nc6 17. Bg5 Rfd8 18. Bb3 e4 19. Nh2 exd3 20. a4 c4 21. axb5 axb5
22. Ra6 cxb3 23. Rxc6 Qxc6 24. Rxe7 Qc5 25. Bxf6 gxf6 26. Re3 b4 27. Rxd3 bxc3
28. Rxc3 Qd6 29. Rg3+ Kh8 30. Rxb3 Qf4 31. Rf3 Rc1 32. Rxf4 Rxd1+ 33. Nf1 d4
34. g4 d3 35. Kg2 Rxf1 0-1

[Event "21. Copenhagen Open  (Politiken Cup)"]
[Site "Copenhagen"]
[Date "1999.07.13"]
[Round "10"]
[White "Meulenbroek, Kim"]
[Black "Helin, Mikael"]
[Result "1-0"]
[WhiteElo "1940"]
[BlackElo "2200"]
[PlyCount "79"]
[EventDate "1999.07.03"]
[EventType "swiss"]
[EventRounds "11"]
[EventCountry "DEN"]
[SourceDate "2004.01.01"]

1. e4 c5 2. Ne2 a6 3. Nbc3 e6 4. g3 b5 5. Bg2 Bb7 6. O-O h5 7. d4 cxd4 8. Nxd4
h4 9. a3 Nc6 10. Bf4 Qb6 11. Nb3 Nf6 12. Bd6 hxg3 13. hxg3 O-O-O 14. Nc5 Ba8
15. Bxf8 Rhxf8 16. Qd6 Rh8 17. b4 Ne8 18. Qd2 d6 19. Nb3 Nf6 20. a4 Bb7 21.
axb5 axb5 22. Na5 Ng4 23. Nxb7 Kxb7 24. Qe2 Nh2 25. Rfd1 Nd4 26. Qd3 e5 27. Nd5
Qc6 28. c3 Ne6 29. Ra5 Rd7 30. Rxb5+ Kc8 31. Nb6+ Kc7 32. Nxd7 Ng5 33. Nxe5 Qa6
34. Rc5+ Kb7 35. Rc7+ Kxc7 36. Qxa6 dxe5 37. Qa7+ Kc6 38. Qc5+ Kb7 39. Rd7+ Ka6
40. Ra7# 1-0

[Event "21. Copenhagen Open  (Politiken Cup)"]
[Site "Copenhagen"]
[Date "1999.07.13"]
[Round "10"]
[White "Mortensen, Erling"]
[Black "Larsen, Karsten"]
[Result "1-0"]
[WhiteElo "2445"]
[BlackElo "2281"]
[PlyCount "121"]
[EventDate "1999.07.03"]
[EventType "swiss"]
[EventRounds "11"]
[EventCountry "DEN"]
[SourceDate "2004.01.01"]

1. e4 e5 2. Nf3 Nc6 3. Bb5 a6 4. Ba4 Nf6 5. d3 d6 6. c3 Be7 7. Nbd2 O-O 8. O-O
b5 9. Bb3 Bb7 10. Re1 Na5 11. Bc2 c5 12. Nf1 Re8 13. d4 Qc7 14. Ng3 h6 15. b3
cxd4 16. cxd4 Rac8 17. Re2 Nc6 18. Bb2 Bf8 19. Qd2 Qb8 20. d5 Ne7 21. Ne1 Ng6
22. Nd3 Rc7 23. Ree1 Rec8 24. Bd1 Qa7 25. a4 Qb6 26. Qb4 Ra8 27. axb5 axb5 28.
Rxa8 Bxa8 29. Bc1 Bb7 30. Be3 Qa6 31. f3 Nd7 32. Be2 Bc8 33. Rc1 Qb7 34. Rxc7
Qxc7 35. Qxb5 Qc2 36. Bf1 Ne7 37. Bf2 g6 38. Qa4 f5 39. Nb4 Qb1 40. Nc6 Nf6 41.
Nxe7+ Bxe7 42. Qa8 Qc1 43. exf5 gxf5 44. Nxf5 Bf8 45. Ng3 Bd7 46. Qb7 Bc8 47.
Qc6 Qxc6 48. dxc6 d5 49. Bb6 Kf7 50. Bd3 Ne8 51. Kf1 Bb4 52. Nf5 Bf8 53. Ne3
Nf6 54. Nc2 e4 55. fxe4 Nxe4 56. b4 Ke6 57. Bc7 Bd6 58. Bxd6 Nxd6 59. b5 Ke5
60. b6 d4 61. Nb4 1-0

[Event "21. Copenhagen Open  (Politiken Cup)"]
[Site "Copenhagen"]
[Date "1999.07.13"]
[Round "10"]
[White "Maechel, Michael"]
[Black "Petersen, Steffen"]
[Result "1/2-1/2"]
[WhiteElo "1611"]
[BlackElo "1875"]
[PlyCount "23"]
[EventDate "1999.07.03"]
[EventType "swiss"]
[EventRounds "11"]
[EventCountry "DEN"]
[SourceDate "2004.01.01"]

1. e4 e5 2. f4 Bc5 3. Nf3 d6 4. Bc4 Nf6 5. Nc3 Nc6 6. fxe5 dxe5 7. h3 O-O 8. d3
a6 9. Bg5 Nd4 10. Nxe5 Ne6 11. Bxe6 Bxe6 12. Nf3 1/2-1/2

[Event "21. Copenhagen Open  (Politiken Cup)"]
[Site "Copenhagen"]
[Date "1999.07.13"]
[Round "10"]
[White "Moller, Arne"]
[Black "Johansson, Thomas"]
[Result "1/2-1/2"]
[WhiteElo "1865"]
[BlackElo "2218"]
[PlyCount "74"]
[EventDate "1999.07.03"]
[EventType "swiss"]
[EventRounds "11"]
[EventCountry "DEN"]
[SourceDate "2004.01.01"]

1. e4 e6 2. d4 d5 3. Nd2 Nf6 4. e5 Nfd7 5. Qg4 c5 6. c3 Nc6 7. a3 f5 8. Qf4 g5
9. Qe3 h5 10. b4 cxd4 11. cxd4 Bh6 12. Nb3 Nf8 13. Qc3 Ng6 14. a4 Bd7 15. Nc5
Rb8 16. Nf3 g4 17. Bxh6 Rxh6 18. Qd2 f4 19. Nxd7 Kxd7 20. b5 Na5 21. Ng5 Nb3
22. Qb4 Nxa1 23. Qd6+ Kc8 24. Qxe6+ Qd7 25. Qg8+ Kc7 26. Ne6+ Kb6 27. Qxb8 Nb3
28. Nc5 Nxc5 29. dxc5+ Kxc5 30. Qxa7+ Kb4 31. Qd4+ Ka5 32. Bd3 Nxe5 33. O-O
Nxd3 34. Qa7+ Kb4 35. Qd4+ Ka5 36. Qa7+ Kb4 37. Qd4+ Ka5 {Rb1! and white wins}
1/2-1/2

[Event "21. Copenhagen Open  (Politiken Cup)"]
[Site "Copenhagen"]
[Date "1999.07.13"]
[Round "10"]
[White "Nielsen, Nicholas Roland"]
[Black "Hansen, Morten Lyck"]
[Result "0-1"]
[WhiteElo "1538"]
[BlackElo "1847"]
[PlyCount "86"]
[EventDate "1999.07.03"]
[EventType "swiss"]
[EventRounds "11"]
[EventCountry "DEN"]
[SourceDate "2004.01.01"]

1. e4 c5 2. Nf3 d6 3. d4 cxd4 4. Nxd4 Nf6 5. Nc3 a6 6. f4 Qc7 7. Nf3 Nc6 8. Bc4
e6 9. O-O b5 10. Bd3 Be7 11. Qe1 b4 12. Ne2 O-O 13. Qg3 e5 14. f5 Kh8 15. Bg5
Bb7 16. Qh4 d5 17. Ng3 dxe4 18. Nxe4 Nxe4 19. Bxe4 f6 20. Be3 Na5 21. Bxb7 Nxb7
22. Kh1 Bc5 23. Rae1 Bxe3 24. Rxe3 Qc5 25. Rb3 Na5 26. Rxb4 Qxc2 27. Qh3 Qd3
28. Re1 Qd7 29. Rh4 h6 30. Rh5 Nc6 31. Re4 Rf7 32. Qg3 Rc8 33. h3 Nd4 34. Qg4
Nxf3 35. Qxf3 Rc1+ 36. Kh2 Rd1 37. Rg4 Qd6 38. Qa8+ Rf8 39. Qb7 e4+ 40. Rg3
Rh1+ 41. Kxh1 Qxg3 42. Qb3 e3 43. Qc3 Kh7 0-1

[Event "21. Copenhagen Open  (Politiken Cup)"]
[Site "Copenhagen"]
[Date "1999.07.13"]
[Round "10"]
[White "Nilsson, Nils Specht"]
[Black "Nuoristo, Peter"]
[Result "1-0"]
[WhiteElo "2194"]
[BlackElo "2266"]
[PlyCount "75"]
[EventDate "1999.07.03"]
[EventType "swiss"]
[EventRounds "11"]
[EventCountry "DEN"]
[SourceDate "2004.01.01"]

1. e4 g6 2. d4 Bg7 3. f4 c5 4. d5 d6 5. Nf3 Nf6 6. Nc3 O-O 7. Bc4 b5 8. Bxb5
Nxe4 9. Nxe4 Qa5+ 10. Nc3 Bxc3+ 11. bxc3 Qxb5 12. Kf2 Nd7 13. Re1 Nf6 14. Qe2
Qxe2+ 15. Rxe2 Nxd5 16. c4 Nb6 17. Rxe7 Be6 18. Ng5 Nxc4 19. Nxe6 fxe6 20. Rxe6
Rab8 21. g4 Kf7 22. f5 gxf5 23. gxf5 Kg8 24. f6 Kf7 25. Re4 Ne5 26. Bh6 Rfe8
27. Rd1 Re6 28. Bg7 Rb2 29. Ra4 Rxc2+ 30. Kg3 Rc3+ 31. Kf2 Rc2+ 32. Kg3 Rc3+
33. Kf2 Nd3+ 34. Kf1 c4 35. Rxa7+ Kg6 36. Re7 Rxe7 37. fxe7 Kf7 38. Bxc3 1-0

[Event "21. Copenhagen Open  (Politiken Cup)"]
[Site "Copenhagen"]
[Date "1999.07.13"]
[Round "10"]
[White "Naes, Flovin Tor"]
[Black "Nielsen, Frode Benedikt"]
[Result "1-0"]
[WhiteElo "2222"]
[BlackElo "1949"]
[PlyCount "33"]
[EventDate "1999.07.03"]
[EventType "swiss"]
[EventRounds "11"]
[EventCountry "DEN"]
[SourceDate "2004.01.01"]

1. e4 e5 2. Bc4 Nc6 3. Nc3 Nf6 4. d3 Bc5 5. f4 d6 6. Nf3 Be6 7. Bb5 Bd7 8. Na4
Nd4 9. Nxc5 Nxf3+ 10. Qxf3 dxc5 11. Bc4 Qe7 12. a4 exf4 13. Bxf4 Bc6 14. O-O h6
15. Bd2 O-O-O 16. Bc3 Rd6 17. Qf5+ 1-0

[Event "21. Copenhagen Open  (Politiken Cup)"]
[Site "Copenhagen"]
[Date "1999.07.13"]
[Round "10"]
[White "Olsen, Claus"]
[Black "Kragh, Niels Kristian"]
[Result "1-0"]
[WhiteElo "2064"]
[BlackElo "1813"]
[PlyCount "89"]
[EventDate "1999.07.03"]
[EventType "swiss"]
[EventRounds "11"]
[EventCountry "DEN"]
[SourceDate "2004.01.01"]

1. e4 Nc6 2. Nc3 e6 3. d4 Bb4 4. f4 Nf6 5. e5 Ne4 6. Qd3 d5 7. Nf3 Bxc3+ 8.
bxc3 Na5 9. Qe3 f5 10. exf6 Qxf6 11. Bd3 Nd6 12. O-O Nac4 13. Qe2 b5 14. Ne5
O-O 15. g4 Qe7 16. Rf3 g6 17. Rh3 Nxe5 18. fxe5 Nc4 19. Bh6 Rf7 20. Rf1 Bd7 21.
Rxf7 Qxf7 22. Rf3 Qe7 23. Qf2 Re8 24. Rf6 a5 25. h4 Nb2 26. Bxg6 hxg6 27. Rxg6+
Kh8 28. Rg7 Qxg7 29. Bxg7+ Kxg7 30. Qf6+ Kg8 31. h5 Rf8 32. Qg6+ Kh8 33. h6 Rg8
34. Qf6+ Kh7 35. Qf7+ Kh8 36. Qxd7 Rxg4+ 37. Kf2 Rg6 38. Qxb5 Nc4 39. Qb8+ Kh7
40. Qxc7+ Kxh6 41. Qd7 Nd2 42. Ke3 Nc4+ 43. Kf4 Nd2 44. Qd8 Nc4 45. Qh8# 1-0

[Event "21. Copenhagen Open  (Politiken Cup)"]
[Site "Copenhagen"]
[Date "1999.07.13"]
[Round "10"]
[White "Olsen, Heini"]
[Black "Carlsson, Pontus"]
[Result "1-0"]
[WhiteElo "2292"]
[BlackElo "2186"]
[PlyCount "61"]
[EventDate "1999.07.03"]
[EventType "swiss"]
[EventRounds "11"]
[EventCountry "DEN"]
[SourceDate "2004.01.01"]

1. d4 e6 2. Nf3 f5 3. g3 Nf6 4. Bg2 d5 5. O-O Bd6 6. c4 c6 7. Bf4 Bxf4 8. gxf4
O-O 9. Nc3 Ne4 10. Rc1 Qe7 11. Qc2 Nd7 12. e3 Kh8 13. Kh1 Rf6 14. Rg1 Rh6 15.
Bf1 Ndf6 16. Ne5 Bd7 17. f3 Nd6 18. Qb3 Be8 19. Rc2 Bh5 20. Rcg2 Rg8 21. Rg3
Be8 22. Qa3 a6 23. Na4 Nd7 24. Qb4 Nf8 25. Nc5 Qc7 26. Nxb7 Qxb7 27. Qxd6 Ng6
28. Qxe6 Qxb2 29. R3g2 Qc1 30. Bd3 Qxe3 31. Nxg6+ 1-0

[Event "21. Copenhagen Open  (Politiken Cup)"]
[Site "Copenhagen"]
[Date "1999.07.13"]
[Round "10"]
[White "Olsen, Miriam Frida"]
[Black "Manley, Christian"]
[Result "0-1"]
[WhiteElo "1000"]
[BlackElo "1086"]
[PlyCount "126"]
[EventDate "1999.07.03"]
[EventType "swiss"]
[EventRounds "11"]
[EventCountry "DEN"]
[SourceDate "2004.01.01"]

1. d4 d5 2. c4 Nc6 3. Nf3 Bg4 4. cxd5 Qxd5 5. Nc3 Qd8 6. e3 g6 7. Be2 Bg7 8. h3
Bxf3 9. Bxf3 Qd6 10. Bd2 Nf6 11. Rc1 Rb8 12. Qa4 e6 13. Nb5 Qd7 14. Nxa7 Ra8
15. Rxc6 Nd5 16. Rc4 b5 17. Qxb5 Rxa7 18. Qb8+ Qd8 19. Qxa7 O-O 20. Bxd5 Qxd5
21. Rxc7 Qxg2 22. Rf1 Qe4 23. b4 h5 24. Qb7 Qb1+ 25. Ke2 Qxa2 26. Qa7 Qd5 27.
Qa5 Qe4 28. b5 Bxd4 29. Bc3 Qc2+ 30. Kf3 Bxc3 31. Qxc3 Qf5+ 32. Ke2 Qxb5+ 33.
Ke1 Qf5 34. Rc5 Qxh3 35. Rg1 Kh7 36. Qe5 Ra8 37. Rc7 Rf8 38. Rxg6 Kxg6 39. Rc5
Qf5 40. Qg3+ Qg4 41. Qxg4+ hxg4 42. Rc4 Kh5 43. Rf4 f5 44. Rb4 Kg5 45. Rb7 Rf6
46. Kd2 f4 47. Rb1 e5 48. Rg1 Rh6 49. f3 g3 50. Kd3 Ra6 51. Ke2 Ra2+ 52. Kd3
Ra3+ 53. Ke4 Rxe3+ 54. Kd5 Rxf3 55. Kxe5 Kg4 56. Ke4 Rf2 57. Ke5 g2 58. Ke4 Kg3
59. Rc1 Rf1 60. Rc7 Re1+ 61. Kd3 g1=Q 62. Rg7+ Kf2 63. Rxg1 Rxg1 0-1